Anatomía humana (Registro nro. 22137)
[ vista simple ]
| 000 -Cabecera | |
|---|---|
| Campo de control interno | 01142nam a22002657a 4500 |
| 005 - Fecha y hora del registro | |
| control field | 20260331143233.0 |
| 008 - Elementos de Longitud Fija | |
| fixed length control field | 260327b |||||||| |||| 00| 0 spa d |
| 020 ## - ISBN | |
| ISBN | 9789500695886 |
| 041 ## - Idioma | |
| Codigo Idioma | ESP |
| 082 ## - DEWEY y NOTACIÓN INTERNA | |
| Dewey | 611 |
| Notación Interna | L28 T. 1 |
| 100 ## - AUTOR | |
| Autor denominación | Latarjet, Michel, |
| Término de relación | autor |
| 245 ## - TÍTULO DE MATERIAL BIBLIOGRÁFICO | |
| Título | Anatomía humana |
| 250 ## - EDICIÓN | |
| Edición | Quinta edición, segunda reimpresión |
| 260 ## - CIUDAD, EDITORIAL, AÑO | |
| Ciudad | Buenos Aires : |
| Nombre de la Editorial | Médica Panamericana, |
| Año | 2021 |
| 300 ## - DESCRIPCIÓN | |
| N° Páginas | xix, 823 páginas : |
| Otros detalles | figuras ; |
| Dimensiones | 28 cm. |
| 650 ## - TEMAS | |
| Temas | Tecnología (Ciencias Aplicadas) |
| 653 ## - DESCRIPTORES | |
| Lenguajes no controlado | Medicina; Anatomía humana |
| 654 ## - PROGRAMAS | |
| Programa | Dpto. de Ciencias de la Salud |
| 700 ## - OTROS AUTORES | |
| Otros autores | Ruiz Liard, Alfredo, |
| Títulos y otras palabras asociadas con el nombre | autor |
| 856 ## - URL - UBICACIÓN | |
| URI/URL: Enlace exacto del recurso | <a href="https://0u216usew-y-https-accessmedicina-mhmedical-com.itmsp.museknowledge.com/Book.aspx?bookid=3211">https://0u216usew-y-https-accessmedicina-mhmedical-com.itmsp.museknowledge.com/Book.aspx?bookid=3211</a> |
| Nota pública: Versión digital | <a href="Véase además: Anatomía macroscópica. Un panorama general. Versión digital">Véase además: Anatomía macroscópica. Un panorama general. Versión digital</a> |
| 856 ## - URL - UBICACIÓN | |
| URI/URL: Enlace exacto del recurso | <a href="https://itmsp.museknowledge.com/UCSP?groupID=2&action=source&sourceID=AccessMedicina_IP">https://itmsp.museknowledge.com/UCSP?groupID=2&action=source&sourceID=AccessMedicina_IP</a> |
| Nota pública: Versión digital | <a href="Véase además: Base de datos McGraw Hill Access Medicina">Véase además: Base de datos McGraw Hill Access Medicina</a> |
| 856 ## - URL - UBICACIÓN | |
| URI/URL: Enlace exacto del recurso | <a href="https://0u23futx8-y-https-www-clinicalkey-com.itmsp.museknowledge.com/student/login">https://0u23futx8-y-https-www-clinicalkey-com.itmsp.museknowledge.com/student/login</a> |
| Nota pública: Versión digital | <a href="Véase además: Base de datos ClinicalKey">Véase además: Base de datos ClinicalKey</a> |
| 942 ## - ELEMENTOS DE KOHA | |
| Tipo de documento | Libro |
| Nombre del creador | Justo Noguera |
| Código de catalogador | Tania Ramirez |
| Suppress in OPAC | No |
| Esquema de clasificación | Dewey Decimal Classification |
| Codigo completo | Registro | Colección | Copia número | Disponibilidad | Tipo de préstamo | Biblioteca Actual | Procedencia (Biblioteca) | Ubicacón | Fecha Ingreso | Tipo de Adquisición | Observación | Date last seen | Total checkouts | Price effective from | Tipo de Item | Estado del Material | Fuente de Clasificación | Damaged status | Withdrawn status |
|---|---|---|---|---|---|---|---|---|---|---|---|---|---|---|---|---|---|---|---|
| 611 L28 T. 1 | 1088227 | Universidad Católica San Pablo | 1 | Disponible | Disponible | Víctor Andrés Belaunde | Víctor Andrés Belaunde | Planta baja abierta | 27/03/2026 | Compra | Medicina | 27/03/2026 | 27/03/2026 | Libro | Bueno | Dewey Decimal Classification |




